Halový turnaj vo futbale vyhrali Kežmarčania

Bibliographic Details
Main Author: Tokarčík, Dušan (Author)
Format: Article
Language:Slovak
PhysicalDescription:Fotogr.
Subjects:

MARC

LEADER 00000nab a2200000 ar4500
001 vtls010569615
003 SK-MaSNL
005 20260303085515.0
008 140116c2013 xo sr|p|||||||000 b|slo
038 |a PPPK 
040 |a PPPKCL  |b slo  |c PPPKCL  |e AACR2 
041 0 |a slo 
044 |a xo  |c SK 
080 |a 796.332  |2 2001 
080 |a 316.346.32-053.2  |2 2001 
100 1 |a Tokarčík, Dušan  |4 aut  |9 676599 
245 1 0 |a Halový turnaj vo futbale vyhrali Kežmarčania  |c PaedDr. Dušan Tokarčík, tréner mládeže 
300 |b Fotogr. 
610 2 7 |a Základná škola Nižná brána (Kežmarok, Slovensko)  |2 pppkcl  |9 57000 
610 2 7 |a Mestská športová hala Vlada Jančeka (Kežmarok, Slovensko)  |2 pppkcl  |9 1088038 
648 7 |a 8.12.2013  |2 pppkcl  |9 1095111 
650 0 7 |a futsal  |2 pppkcl  |9 30002 
650 0 7 |a turnaje  |2 pppkcl  |9 29773 
650 0 7 |a deti a mládež  |2 pppkcl  |9 774 
651 7 |a Kežmarok (Slovensko)  |2 snkbucl  |9 26808 
773 0 |t Kežmarok  |g Roč. XXI, č. 23 (2013), s. 20 
852 |a PPPK  |b KIS3GCP 
999 |c 1799513  |d 1801443